000
00297nam a2200109Ia 4500
008
220204s9999 xx 000 0 und d
082
_a
678.4:678.029.98
_b
NAI
100
_a
Nair, S
245
0
_a
Organisation and operation of national TSR schemes
260
_a
Kuala Lumpur
_b
RRIM
_c
1978
942
_c
BK
999
_c
34300
_d
34300